000 00730nam a2200181 i 4500
001 113812
003 ES-MaACL
005 20250603181632.0
007 t|
008 061121s1916 sp |||| | spa d
245 0 0 _aNomenclátor de las ciudades, villas, lugares, aldeas y demás entidades de población de España /
_cformado por la Dirección General del Instituto Geográfico y Estadístico, con referencia al 31 de diciembre de 1910.
260 _aMadrid :
_b[s.n.],
_c1916 (
_fTalleres del Instituto Geográfico)
300 _a2 v. ;
_c34 cm.
651 7 _aEspaña-
_xNomencladores
_2
_9165997
710 2 _aInstituto Geográfico y Estadístico (España)
_93892
852 _aES-MaACL
_jG-3801-02
999 _c113812
_d113812